Sekvenčné hry diplomová práca

Salvato in:
Dettagli Bibliografici
Autore principale: Bartakovič, Michal
Ente Autore: Fakulta hospodárskej informatiky EU. Katedra operačného výskumu a ekonometrie
Altri autori: Čičková, Zuzana, 1978-
Natura: Libro
Lingua:slovacco
Pubblicazione: Bratislava 2021
Tags: Aggiungi Tag
Nessun Tag, puoi essere il primo ad aggiungerne!!

MARC

LEADER 00000nbm a2200000 4500
001 0274571
005 20220316091312.6
041 0 |a slo 
044 |a SK 
245 1 0 |a Sekvenčné hry  |b diplomová práca  |c Michal Bartakovič ; školiteľ: Zuzana Čičková 
264 1 |a Bratislava  |c 2021 
300 |a 64 s. 
100 1 |a Bartakovič, Michal 
700 1 |a Čičková, Zuzana, 1978- 
710 2 |a Fakulta hospodárskej informatiky EU. Katedra operačného výskumu a ekonometrie